| 000 | 00526nam a2200193Ia 4500 | ||
|---|---|---|---|
| 003 | GCL | ||
| 008 | 140319s9999 xx 000 0 eng d | ||
| 040 |
_aGCL / _cGCL |
||
| 082 | 0 | 4 |
_a302 _bW S |
| 100 | 1 | _aWIGGINS, JAMES A. | |
| 245 | 1 | 0 |
_aSOCIAL PSYCHOLOGY 5TH ED / _cWIGGINS, JAMES A. |
| 700 | 1 | _aWIGGINS, BEVERLY B. | |
| 700 | 1 | _aZONDEN, JAMES V. | |
| 260 |
_a[S.N] : _bMC GRAW - HILL ، _c1994 |
||
| 650 | 0 | 4 | _aالحضارة الفرعونية |
| 650 | 0 | 4 | _aSOCIALIZATION |
| 650 | 0 | 4 | _aNEGOTIATION |
| 942 |
_2ddc _cBK |
||
| 999 |
_c24092 _d24092 |
||